01593njm a2200265Ia 4500001000600000003000900006005001700015008004100032040001300073040001300086100001100099100001800110100003800128245001600166250001100182260001100193260003800204300001700242300003000259500001700289505084500306511006901151650005201220700005501272L1475IT-RoPAU20220918181156.0131025s9999 xx 000 0 und d aIT-RoPAU cIT-RoPAU aAA.VV. eAutore musica gCodice autore musica SPICS: 12000 aHan Bennink a1a ed. aMILANO bHACHETTE RUSCONIc2004 [1a Ed.:0] aCOMPACT DISC c77 minuti (Testo: 0 pag.) aMusica jazz. aEpistrophy (T. Monk, Milano giugno 1962, 4:11) - Who's Bridge (M. Mengelberg, Roma giugno 1979, 7:31) - Sonnymoon For Two (S. Rollins, Amsterdam giugno 1969, 10:37) - Thoko's Tune (S. Bergin, Amsterdam 1988, 7:26) - Angelica [(Purple Gazelle) (D. Ellington, Calgary giugno 1993, 5:30)] - The Gig (H. Nichols, Ravenna luglio 1984, 7:56) - Four (M. Davis e E. Vinson, Amsterdam ottobre 1991, 8:46) - Coyotes Are Pure Bred Poodles In Beberly Hills (E. Parker e H. Bennink, Londra marzo 2000, 2:23) - House Party Starting (H. Nichols, Utrecht maggio 1984, 7:51) - Hackensack (T. Monk, Zurigo gennaio 1995, 4:02) - Brozziman (M. Mengelberg, Roma giugno 1979, 2:37) - P Chase (T. Honsinger, Amsterdam giugno 1987, 2:51) - Salut To Fodè Youla (H. Bennink, Loenen settembre 2005, 2:50) - Poor Wheel (M. Mengelberg, New York settembre 2000, 2:07). aH. Bennink; M. Mengelberg; R. Rudd; S. Lacy; K. Carter; M. Moore aJAZZ [COMPACT DISC]eCodice MATERIA SPICS: 9949 aAA.VV.gCodice interprete SPICS: 12000eInterprete